000 00346nam a2200097Ia 4500
082 _a371.20120968 NKON
245 0 _aManaging schools without fear : the South African school principal of the 21st century
100 _a Nkonyane, Moss Malvern, South Africa, 2007 1st ed
_924489
942 _cBK
008 210817s9999 xx 000 0 und d
999 _c144558
_d144557